| 000 | 00475nam a2200193Ia 4500 | ||
|---|---|---|---|
| 005 | 20250923144315.0 | ||
| 008 | 008 250917s9999 xx 000 0 eng d | ||
| 037 | _aTextual | ||
| 040 |
_aDSWL _beng _cDSWL |
||
| 041 |
_aeng _2eng |
||
| 084 |
_aQ6:33, H6;1 _qDSWL |
||
| 245 | 0 | _aPractice and preceptd of Jesus | |
| 260 | _c1946 | ||
| 300 | _a112,4 p. | ||
| 365 |
_aINR _b1.8 |
||
| 925 | _g1.8 | ||
| 942 |
_cTEXL _hQ6:33, H6;1 |
||
| 999 |
_c1437261 _d1437261 |
||